[Event "FIDE Womens World Cup 2021"]
[Site "Sochi"]
[Date "2021.07.18"]
[Round "3.1"]
[White "Pogonina, Natalija"]
[Black "Stefanova, Antoaneta"]
[Result "1/2-1/2"]
[WhiteElo "2469"]
[BlackElo "2463"]
[Annotator "TA"]
[PlyCount "70"]
[EventDate "2021.07.12"]
[EventType "k.o."]
[EventCountry "RUS"]
[SourceTitle "playchess.com"]
[Source "ChessBase"]
[SourceQuality "1"]

{[%evp 9,70,21,30,-1,2,0,6,-7,51,12,64,50,45,41,53,52,76,85,166,175,172,82,81,68,89,39,46,38,117,93,88,54,77,24,80,68,107,106,174,130,111,66,97,33,33,30,29,26,40,42,58,20,13,12,12,12,25,21,20,15,9,17,14]} 1. c4 c6 2. Nf3 d5 3. e3 Nf6 4. Nc3 a6 5. d4 e6 6. Bd2 {D45: Semi-Slav: 5 e3.} dxc4 7. Bxc4 c5 8. O-O Nc6 {[#]} (8... b5 $11 9. Be2 Bb7) 9. Rc1 $146 ({Predecessor:} 9. dxc5 Bxc5 10. Rc1 O-O 11. Qe2 Qc7 12. Bd3 Be7 13. Ne4 Nxe4 14. Bxe4 Bd7 15. Bxc6 bxc6 {½-½ (38) Sjodahl,P (2408)-Karlsson,B (2312) Reykjavik 2018}) 9... b6 ({Black should try} 9... cxd4 $11 10. exd4 Be7) 10. Qe2 Bb7 {[%cal Rc5d4]} 11. Rfd1 b5 $1 {[%cal Rb5c4]} 12. Bd3 Nb4 {[#]} 13. Bb1 $1 $36 {[%mdl 2048] White is in control.} Qb6 (13... c4 $16) 14. dxc5 $18 Bxc5 15. a4 (15. e4 $18 {and White stays clearly on top.}) 15... O-O $16 16. axb5 Be7 17. Nd4 {Strongly threatening Na4.} Rfc8 18. h3 e5 ({Black should play} 18... g6 $14) 19. Nf5 Bf8 20. Ng3 g6 21. Be1 (21. bxa6 $16 Qxa6 22. Nce4) 21... h5 (21... axb5 $11 {keeps the balance.} 22. Nge4 Ne8) 22. bxa6 Bxa6 {[#]} 23. Qf3 Qe6 (23... Bb7 $16 {was called for.} 24. Nge4 Nxe4 25. Bxe4 Bxe4 26. Qxe4 (26. Nxe4 Qe6 $16) 26... Qe6) 24. Nge4 Nh7 25. Qg3 Rd8 26. Ng5 (26. Rxd8 $16 Rxd8 27. Na4) 26... Nxg5 $14 27. Qxg5 Nd3 28. Bxd3 Bxd3 29. e4 Kh7 {Threatening ...Bh6.} 30. Ra1 (30. Bd2 $5 {[%cal Rc3d5]}) 30... Bh6 31. Qh4 {aiming for Rxa8.} Rxa1 32. Rxa1 Rb8 33. Nd5 {And now Ra7 would win.} Bc4 {The position is equal.} 34. Bc3 {Nf6+ is the strong threat.} Bxd5 35. exd5 Qxd5 {Weighted Error Value: White=0.19/Black=0.20} 1/2-1/2

[Event "FIDE Womens World Cup 2021"]
[Site "Sochi"]
[Date "2021.07.18"]
[Round "3.1"]
[White "Mammadzada, Gunay"]
[Black "Khademalsharieh, Sarasadat"]
[Result "1/2-1/2"]
[WhiteElo "2460"]
[BlackElo "2494"]
[Annotator "TA"]
[PlyCount "92"]
[EventDate "2021.07.12"]
[EventType "k.o."]
[EventCountry "RUS"]
[SourceTitle "playchess.com"]
[Source "ChessBase"]
[SourceQuality "1"]

{[%evp 10,92,32,25,33,29,37,37,34,10,20,10,33,14,17,15,26,0,0,0,0,-1,25,0,0,-17,-15,-9,-15,-19,-10,-20,0,0,8,0,0,0,6,0,-2,-11,0,0,0,0,0,0,0,-8,0,-83,-77,-76,-68,-69,-70,-69,-69,-77,-79,-79,-71,-63,-60,-83,-42,-43,-42,-60,-39,-48,-59,-47,-20,-20,0,0,0,0,0,0,0,0,3]} 1. e4 e5 2. Nf3 Nc6 3. Bb5 a6 4. Ba4 Bc5 5. O-O d6 6. c3 Bd7 {C70: Ruy Lopez: 3...a6 4 Ba4, Norwegian and Delayed Schliemann.} 7. d4 Ba7 8. Be3 Nge7 {[#] White is slightly better.} 9. d5 $146 ({Predecessor:} 9. Nbd2 O-O 10. Re1 Ng6 11. Nf1 Bg4 12. Bxc6 bxc6 13. h3 Bxf3 14. Qxf3 Qd7 15. Rad1 {1-0 (42) Unzicker,W-Eisinger,M Riedenburg 1947}) 9... Nb8 10. Bxa7 Rxa7 11. c4 b5 12. Bb3 Ng6 13. Nc3 O-O 14. Ne1 b4 15. Ne2 c5 16. dxc6 Bxc6 17. f3 a5 18. Ba4 Qb6+ 19. Kh1 Bxa4 20. Qxa4 Rc7 21. Qc2 Nd7 {[%cal Bb8d7,Bd7c5,Bc5b3][%mdl 32]} 22. Rd1 Ne7 23. Qd3 Rc6 24. Nc2 Nc5 25. Qd2 f5 26. exf5 b3 27. axb3 Nxb3 28. Qd3 Nc5 29. Qa3 Nxf5 30. Nc3 {[#]} (30. b4 $11) 30... Qb3 $1 $17 {[%cal Rb3c2]} 31. Qxb3 Nxb3 32. Na3 Ne3 33. Nd5 Nxd1 34. Ne7+ {[%mdl 64] [#] Double Attack} Kf7 35. Nxc6 Ne3 ({Don't blunder} 35... Nxb2 $2 36. Rb1 $18) 36. Re1 Nf5 37. Kg1 Rc8 38. Na7 Rc5 39. N7b5 Ke6 40. Kf2 Nfd4 41. Rd1 Nxb5 (41... Rc8 {feels hotter.} 42. Ke3 Rb8 43. h3 g5 44. Nc7+ Kd7) 42. Nxb5 {The position is equal.} Rxc4 43. Rxd6+ Ke7 44. Rb6 Rc2+ 45. Kg3 Nd4 {Threatens to win with ...Nf5+.} 46. Nc3 Ne2+ {Weighted Error Value: White=0.09/Black=0.05} 1/2-1/2

[Event "FIDE Womens World Cup 2021"]
[Site "Sochi"]
[Date "2021.07.18"]
[Round "3.1"]
[White "Cramling, Pia"]
[Black "Kosteniuk, Alexandra"]
[Result "0-1"]
[WhiteElo "2459"]
[BlackElo "2472"]
[Annotator "TA"]
[PlyCount "90"]
[EventDate "2021.07.12"]
[EventType "k.o."]
[EventCountry "RUS"]
[SourceTitle "playchess.com"]
[Source "ChessBase"]
[SourceQuality "1"]

{[%evp 14,90,22,27,38,16,19,20,12,14,20,0,0,0,0,-68,0,-83,-10,-34,-44,-41,-12,-21,-10,-49,-19,-44,-30,-100,-97,-93,-97,-92,-43,-69,0,-108,-100,-86,-101,-115,-110,-106,-100,-106,-111,-140,-140,-162,-137,-166,-154,-219,-214,-212,-212,-212,-223,-410,-382,-451,-454,-456,-393,-404,-411,-601,-589,-668,-660,-813,-806,-806,-785,-1994,-806,-1605,-1418]} 1. Nf3 d5 2. d4 Nf6 3. c4 e6 4. Nc3 Bb4 5. Bg5 h6 6. Bxf6 Qxf6 7. Qa4+ Nc6 8. e3 O-O {D38: Queen's Gambit Declined: Ragozin Defence (4 Nf3 Bb4).} 9. Rc1 Rd8 10. Be2 dxc4 {The position is equal.} 11. Bxc4 e5 {[%cal Re5d4]} 12. dxe5 {[#]} Qg6 $146 ({Predecessor:} 12... Bxc3+ 13. Rxc3 Nxe5 14. Nxe5 Qxe5 15. Qb3 Qg5 16. Bxf7+ Kh8 17. O-O c5 18. e4 b6 {½-½ (46) Houska,J (2416)-Dorrington,C (2315) England 2014}) 13. O-O Bh3 {[%csl Gh3][%cal Rg6g2]} 14. Ne1 ({White should try} 14. Nh4 $11 Qg4 15. Nd5 Nxe5 16. Nf4) 14... Nxe5 (14... Bxc3 $15 15. Rxc3 Nxe5) 15. Be2 ({Avoid the trap} 15. Qxb4 $2 Nf3+ $1 {[%mdl 512]} 16. Kh1 Nxe1 $19) (15. f4 $1 $11 Nc6 16. Qb3) 15... c5 ({Better is} 15... Bxc3 $17 16. Rxc3 Rd2) 16. Qc2 (16. f4 $5 {[%cal Rf4e5]} Rd2 17. Rf2 $15) 16... Qxc2 17. Rxc2 Bf5 18. e4 Be6 19. Nf3 (19. f4 $5 {[%cal Rf4e5]} Nc6 20. f5 $11) 19... Nc6 20. a3 Ba5 $36 {[%mdl 2048] Black is pushing.} 21. Nd1 (21. Nb1 $11 {remains equal.}) 21... Nd4 $17 22. Nxd4 cxd4 23. Bd3 Bb3 24. Rc5 b6 (24... Bb6 $15 25. Rb5 Ba4) 25. Rc6 (25. Rb5 $11 {keeps the balance.} Ba4 26. b4 Bxb5 27. Bxb5) 25... Rac8 {White is now going downhill.} 26. Rxc8 Rxc8 27. f3 Bd2 28. Kf2 Bc1 29. Ke2 a6 30. Rf2 b5 31. f4 Re8 32. Rf3 Bd5 33. Kf2 (33. Kf1 $17 Bc4 34. g3) 33... Bxe4 $19 34. Bxe4 Rxe4 {[%mdl 4096] Endgame KRB-KRN} 35. g3 {[#]} f5 $1 36. h4 $2 (36. Rb3 {was worth a try.}) 36... Kf7 37. a4 bxa4 38. Ra3 a5 39. Rxa4 Bd2 40. Kf3 (40. Ra3 $142 Bb4 41. Rd3) 40... Bb4 {Black is clearly winning.} 41. g4 Re1 42. Ra1 fxg4+ 43. Kxg4 d3 44. h5 d2 (44... Ke6 $142 45. Kf3 d2) 45. Kf5 Be7 {Weighted Error Value: White=0.65/Black=0.22} 0-1

[Event "FIDE Womens World Cup 2021"]
[Site "Sochi"]
[Date "2021.07.18"]
[Round "3.1"]
[White "Gunina, Valentina"]
[Black "Harika, Dronavalli"]
[Result "1-0"]
[WhiteElo "2437"]
[BlackElo "2515"]
[Annotator "TA"]
[PlyCount "85"]
[EventDate "2021.07.12"]
[EventType "k.o."]
[EventCountry "RUS"]
[SourceTitle "playchess.com"]
[Source "ChessBase"]
[SourceQuality "1"]

{[%evp 16,85,13,7,15,0,6,-35,23,20,35,4,21,11,43,43,42,36,42,17,36,35,42,28,39,36,35,34,25,15,36,9,27,37,44,24,22,22,58,48,96,-4,85,34,95,75,156,110,196,8,177,188,198,191,223,192,547,512,562,475,722,697,996,1018,1015,988,1649,1638,1657,1544,29989,29990]} 1. e4 e5 2. Nf3 Nc6 3. Bb5 a6 4. Ba4 Nf6 5. O-O Be7 6. Re1 b5 7. Bb3 d6 8. a4 Bg4 9. c3 Na5 {C90: Closed Ruy Lopez with 7...d6: Early deviations.} 10. Ba2 b4 11. d3 {[#]} Rb8 $146 (11... Bxf3 $15 12. gxf3 O-O) ({Predecessor:} 11... b3 12. Bxb3 Nxb3 13. Qxb3 Bxf3 14. gxf3 Nh5 15. f4 exf4 16. Qd1 g6 17. Qf3 O-O {½-½ (36) Dubov,D (2677)-Predke,A (2601) Moscow 2017}) 12. Nbd2 $11 c5 13. Nf1 O-O 14. Ne3 b3 15. Nxg4 Nxg4 16. Bb1 Re8 17. Qe2 Qc7 18. Nd2 Nf6 19. Nf1 Bf8 20. Bg5 Nd7 21. Ne3 Nb6 22. Qg4 Kh8 23. Nf5 f6 24. Bd2 Qf7 25. h4 g6 26. Ng3 Qe6 27. Qe2 Rb7 28. f4 (28. d4 $16) 28... Qg8 (28... exf4 $1 $11 {remains equal.} 29. Bxf4 d5) 29. Rf1 (29. f5 $1 $16) 29... Nc8 (29... exf4 $14 30. Bxf4 d5) 30. h5 Nc6 ({Black should play} 30... Nb6) 31. d4 c4 {[#]} (31... cxd4 $16 {is a better defense.} 32. Bd3 (32. Qxa6 Rc7 $16) 32... Bh6) 32. hxg6 $2 (32. fxe5 $1 $18 fxe5 33. Be3) 32... hxg6 $2 {Loses the game.} (32... exd4 $11 {and Black stays safe.} 33. f5 d3) 33. fxe5 fxe5 {[#]} 34. Nh5 $1 {[%cal Rh5f6][%mdl 512] Threatens to win with Nf6.} Bg7 {[#]} (34... Be7 35. Be3) 35. Bg5 $1 {Hoping for Nf6.} exd4 $2 (35... Rf7 {is more resistant.}) 36. Nf6 $18 Qe6 37. cxd4 Rf8 (37... Nxd4 $142 38. Qe1 Bxf6 39. Bxf6+ Kg8 40. Bxd4 Rf7 41. Rxf7 Qxf7) 38. e5 dxe5 {[#]} 39. d5 Nd4 40. Qe4 {Intending Qh4+ and mate.} ({Weaker is} 40. dxe6 Nxe2+ 41. Kf2 Bxf6 $17) 40... Qxf6 41. Bxf6 Bxf6 42. Qxg6 Rbf7 {[#]} 43. Rxf6 $1 {Weighted Error Value: White=0.25/Black=0.74} 1-0

[Event "FIDE Womens World Cup 2021"]
[Site "Sochi"]
[Date "2021.07.18"]
[Round "3.1"]
[White "Munguntuul, Batkhuyag"]
[Black "Lagno, Kateryna"]
[Result "0-1"]
[WhiteElo "2428"]
[BlackElo "2559"]
[Annotator "TA"]
[PlyCount "126"]
[EventDate "2021.07.12"]
[EventType "k.o."]
[EventCountry "RUS"]
[SourceTitle "playchess.com"]
[Source "ChessBase"]
[SourceQuality "1"]

{[%evp 9,126,17,28,8,27,-13,22,-16,-5,-11,-7,-3,-14,-17,-3,-41,-33,-29,-27,-65,-63,-199,-216,-217,-234,-242,-243,-221,-163,-170,-178,-183,-166,-220,-211,-235,-243,-241,-244,-221,-69,-69,-69,-69,-69,-69,-69,-69,-69,-83,-83,-83,-83,-83,0,0,0,-83,-83,-83,-83,-83,-78,-83,0,-83,-77,-83,-83,-83,-83,-83,-83,-224,-261,-244,-250,-264,-254,-235,-218,-184,-165,-189,-187,-206,-132,-143,-72,-71,-70,-267,-280,-280,-280,-280,-283,-1166,-1107,-606,-593,-29988,-29978,-29978,-29979,-29979,-29980,-29984,-29980,-29978,-29981,-29981,-29982,-29982,-29983,-29983,-29983,-29994,-29995]} 1. e4 e5 2. Nf3 Nc6 3. Bb5 Nf6 4. d3 Bc5 5. Nbd2 O-O 6. O-O {C65: Ruy Lopez: Berlin Defence (3...Nf6), unusual lines and 4 0-0 Bc5.} Re8 $5 {[%mdl 4] [#] Leaves trodden paths.} 7. Nc4 $146 ({Predecessor:} 7. c3 a6 8. Bxc6 dxc6 9. Nc4 Bg4 10. h3 Bh5 11. b4 Ba7 12. Bg5 b5 13. Na5 {½-½ (54) Caruana,F (2795)-Nakamura,H (2787) Saint Louis 2016}) 7... d5 (7... Nd4 {looks sharper.} 8. Ba4 Nxf3+ 9. Qxf3 c6 10. Be3 Bxe3 11. Nxe3 a5) 8. Bxc6 {The position is equal.} bxc6 9. Ncxe5 dxe4 10. dxe4 Qxd1 11. Rxd1 Nxe4 12. Be3 Bxe3 13. fxe3 c5 14. Rd3 f6 15. Nc6 ({White must play} 15. Nc4 $1 $15) 15... a5 $1 $19 16. Ra3 a4 17. b4 Bd7 18. b5 Re6 19. c4 Bxc6 20. bxc6 Rxc6 21. h3 (21. Ne1 $142) 21... Rb6 22. Rd1 Rb4 23. Rd7 Rxc4 24. Rxc7 Rc3 (24... Rd8 $1 $19 25. Kh2 Rd1 26. Rc8+ Kf7 27. Rc7+ Kf8) 25. Rxc3 $15 Nxc3 26. Rxc5 Nxa2 {[%mdl 4096] Endgame KRN-KRN} 27. Rc4 $1 a3 {White must now prevent ...Nb4!} 28. Nd4 $1 h5 29. h4 Kh7 30. Kh2 Kg6 31. Kg3 Re8 (31... Ra5 $17 32. Nc6 Ra8 33. Ne7+ Kf7) 32. Kf3 $11 Ra8 (32... Re7 $11) 33. Kg3 $1 $17 Ra7 34. Kf3 Kf7 35. Nc2 Ke6 36. Re4+ Kf7 {And now ...Nc1 would win.} 37. Rc4 Ra5 38. Nd4 Ra6 39. Rc7+ Kg6 40. Rc4 Ra5 41. Nc2 (41. Kf2 $17) 41... Nc1 $1 $19 42. Nxa3 {[#]} Nb3 ({Stronger than} 42... Rxa3 43. Rxc1 Kh6 44. Rc5 $11) 43. Rc3 Rxa3 {KRN-KR} 44. Kg3 Kf5 45. Kh3 Ke4 {Threatens to win with ...Ke5.} 46. Kh2 f5 47. Kh3 f4 48. exf4 Kd4 ({Black should play} 48... Kxf4 {...Ke4 is the strong threat.} 49. Rg3 Ke5) 49. Rg3 $17 Kc4 50. Rxg7 $2 {[#]} (50. Kh2 $15) 50... Nd2+ $1 $19 51. Kh2 Nf1+ 52. Kg1 Ne3 53. Rg5 $2 (53. Kf2) 53... Ng4 {[%cal Ra3a1]} 54. Kf1 Kd3 {[%cal Ra3a1]} 55. g3 Ra1+ {Black mates.} 56. Kg2 Ra2+ 57. Kg1 Ke3 58. Rb5 Kf3 59. Rb3+ Ne3 60. f5 Re2 61. f6 Kxg3 {[%cal Re2e1]} 62. Rb1 Rf2 63. Re1 Ng4 {Weighted Error Value: White=0.38/Black=0.09} 0-1

[Event "FIDE Womens World Cup 2021"]
[Site "Sochi"]
[Date "2021.07.18"]
[Round "3.1"]
[White "Guichard, Pauline"]
[Black "Muzychuk, Anna"]
[Result "0-1"]
[WhiteElo "2413"]
[BlackElo "2527"]
[Annotator "TA"]
[PlyCount "89"]
[EventDate "2021.07.12"]
[EventType "k.o."]
[EventCountry "RUS"]
[SourceTitle "playchess.com"]
[Source "ChessBase"]
[SourceQuality "1"]

{[%evp 10,89,5,0,0,12,54,56,56,44,53,52,63,41,41,0,0,10,27,20,22,2,12,0,5,0,22,22,25,17,42,28,38,0,0,0,0,0,0,-10,-11,-6,-14,-39,-12,-22,0,-34,-34,-34,-34,-42,-33,-91,-91,-91,-84,-87,-79,-131,-135,-466,-471,-461,-460,-446,-439,-377,-371,-443,-434,-569,-556,-610,-575,-667,-621,-670,-658,-580,-545,-460]} 1. d4 d5 2. c4 c6 3. Nc3 Nf6 4. e3 e6 5. b3 Bb4 6. Bb2 Ne4 {D31: Queen's Gambit Declined: Semi-Slav without ...Nf6 (+ Marshall Gambit and Noteboom) and Exchange Variation lines without ...Nf6.} 7. Qc2 Qa5 {[%cal Rb4c3]} 8. Nge2 {[#]} Be7 $146 {White is slightly better.} ({Predecessor:} 8... Bd6 9. a3 f5 10. f3 Nxc3 11. Nxc3 O-O 12. Bd3 c5 13. b4 cxb4 14. axb4 Qc7 {1-0 (46) Petrosyan,M (2512)-O'Donnell,C (2347) Prague 2016}) 9. a3 Nxc3 10. Nxc3 Nd7 11. b4 Qc7 12. cxd5 cxd5 13. Bd3 Nf6 14. Rc1 Qd8 15. e4 dxe4 16. Nxe4 Bd7 17. O-O Rc8 18. Qe2 Bc6 19. d5 Bxd5 20. Bb5+ Kf8 {[#] Threatens to win with ...Rxc1.} 21. Nxf6 (21. Rxc8 {feels hotter.} Qxc8 22. Nc3 Bb3 23. Rc1 Qd8 24. Ba4) 21... Bxf6 22. Rxc8 Qxc8 23. Rc1 Qd8 24. Bxf6 gxf6 25. Qe3 a6 26. Bf1 h5 27. h4 Kg7 28. Be2 Qd6 29. Rc3 Qe5 30. Qd2 Rh6 31. Bf3 (31. f4 $15 Qf5 32. Kh2) 31... Bxf3 $17 32. Rxf3 {[%mdl 4096] Endgame KQR-KQR} Rg6 33. g3 Rg4 34. Rd3 (34. Qc3 $142) 34... Re4 35. Kh2 $2 {[%mdl 8192] [#] White does not recover from this.} (35. Kf1 $17 {is a better chance.}) 35... Re2 $19 36. Qf4 Qxf4 37. gxf4 Rxf2+ {KR-KR} 38. Kg3 Rf1 39. Rd7 Ra1 {Black is clearly winning.} 40. Rxb7 Rxa3+ 41. Kg2 Kg6 42. b5 a5 43. b6 Rb3 44. Ra7 Kf5 45. Rxa5+ {Weighted Error Value: White=0.39/Black=0.04} 0-1

[Event "FIDE Womens World Cup 2021"]
[Site "Sochi"]
[Date "2021.07.18"]
[Round "3.1"]
[White "Danielian, Elina"]
[Black "Saduakassova, Dinara"]
[Result "1/2-1/2"]
[WhiteElo "2407"]
[BlackElo "2483"]
[Annotator "TA"]
[PlyCount "91"]
[EventDate "2021.07.12"]
[EventType "k.o."]
[EventCountry "RUS"]
[SourceTitle "playchess.com"]
[Source "ChessBase"]
[SourceQuality "1"]

{[%evp 24,91,0,0,0,0,0,0,0,-19,-25,-18,-9,-25,-17,-26,-18,-24,20,27,24,24,24,7,23,24,10,0,0,0,0,0,0,0,0,0,-6,-7,0,-5,0,0,0,0,0,0,0,0,0,-4,-5,-12,-9,-9,0,0,0,0,0,0,0,0,1,0,0,0,5,0,2,0]} 1. d4 Nf6 2. c4 e6 3. Nc3 Bb4 4. Nf3 O-O 5. Bg5 c5 6. e3 cxd4 7. exd4 d5 8. Bd3 dxc4 9. Bxc4 b6 10. O-O Bb7 11. Re1 Nbd7 12. Rc1 Rc8 13. Qb3 Bxc3 {E54: Nimzo-Indian: Rubinstein: Main Line: 7...dxc4 8 Bxc4.} 14. Rxc3 h6 15. Bh4 Bd5 16. Rec1 {[#]} Rxc4 $146 ({Predecessor:} 16... g5 17. Bxd5 Rxc3 18. bxc3 gxh4 19. Bc4 h3 20. g3 Qa8 21. Nh4 Ne4 22. Bf1 Ng5 {1-0 (52) Norri,J (2426)-Luukkonen,T (2209) Espoo 2004}) 17. Rxc4 Qa8 18. Qc2 {[#] Hoping for Rc8.} Bxc4 19. Qxc4 Qd5 20. Qa6 Qa5 21. Qxa5 bxa5 22. Bxf6 Nxf6 $11 {[%mdl 4096] Endgame KRN-KRN} 23. b3 Rb8 24. Ne5 a4 25. bxa4 {The position is equal.} Rb4 26. Rc8+ Kh7 {[#] ( -> ...Rb1+)} 27. g3 Rxd4 28. Nxf7 Rxa4 29. Rc2 Kg6 30. Nd8 e5 31. h3 h5 32. Kg2 h4 33. gxh4 Kf5 34. Nf7 Nd5 35. Nd6+ Ke6 36. Ne8 Nf4+ 37. Kh2 g6 38. Nc7+ Kf5 39. Nb5 a6 40. Nd6+ Ke6 41. Nc4 Nd5 42. Kg3 Kf5 43. Nd6+ Ke6 44. Nc4 Kf5 45. Nd6+ Ke6 46. Nc4 {Not much happened in this game.  Weighted Error Value: White=0.03/Black=0.03} 1/2-1/2

[Event "FIDE Womens World Cup 2021"]
[Site "Sochi"]
[Date "2021.07.18"]
[Round "3.1"]
[White "Garifullina, Leya"]
[Black "Shuvalova, Polina"]
[Result "1/2-1/2"]
[WhiteElo "2390"]
[BlackElo "2489"]
[Annotator "TA"]
[PlyCount "90"]
[EventDate "2021.07.12"]
[EventType "k.o."]
[EventCountry "RUS"]
[SourceTitle "playchess.com"]
[Source "ChessBase"]
[SourceQuality "1"]

{[%evp 20,90,8,10,10,10,10,10,16,10,13,4,10,10,14,7,14,8,11,0,12,19,14,2,5,0,0,0,0,0,3,0,0,-2,-3,-2,0,-8,0,-10,0,0,0,0,0,0,0,-6,0,0,0,0,0,0,0,0,0,0,0,0,0,0,0,0,-4,-4,-3,-4,0,0,0,0,0]} 1. e4 e5 2. Nf3 Nf6 3. Nxe5 d6 4. Nf3 Nxe4 5. d4 d5 6. Bd3 Bd6 7. O-O O-O 8. Re1 Bf5 9. c4 c6 10. Nc3 Nxc3 11. bxc3 {The position is equal.} Bxd3 {C42: Petroff Defence: 3 Nxe5 and unusual White 3rd moves.} 12. Qxd3 dxc4 13. Qxc4 Nd7 14. Qb3 Qc7 15. Rb1 b6 16. c4 Rfe8 17. Bb2 h6 18. g3 {[#]} Be7 $146 ({Predecessor:} 18... Rad8 19. Rbd1 Be7 20. Kg2 Bf6 21. Rxe8+ Rxe8 22. h3 g6 23. Bc1 Bg7 24. Qd3 Nf8 {½-½ (39) Voiculescu,C (2565)-Larsen,S (2448) ICCF email 2009}) 19. Bc1 Bf6 20. Bf4 Qb7 21. Rxe8+ Rxe8 22. Qa4 Rd8 23. c5 Nf8 24. Bd6 Ne6 25. Rb3 Nc7 26. Bxc7 Qxc7 27. cxb6 axb6 28. Qc4 c5 29. d5 Qd7 30. Rxb6 Qxd5 31. Qxd5 Rxd5 $11 {[%mdl 4096] Endgame KRB-KRN} 32. Rb8+ Kh7 33. Rc8 Rd1+ 34. Kg2 Rc1 35. a4 c4 36. a5 c3 37. Ng1 Rc2 38. Kf1 Rc1+ 39. Kg2 Rc2 40. Kf1 Ra2 41. Ne2 Rxa5 42. Nxc3 Ra1+ 43. Ke2 Rc1 44. Kd2 Rh1 45. h4 Bxc3+ {Not much happened in this game.  Weighted Error Value: White=0.02/Black=0.02} 1/2-1/2

[Event "FIDE Womens World Cup 2021"]
[Site "Sochi"]
[Date "2021.07.18"]
[Round "3.1"]
[White "Assaubayeva, Bibisara"]
[Black "Khotenashvili, Bela"]
[Result "1/2-1/2"]
[WhiteElo "2389"]
[BlackElo "2471"]
[Annotator "TA"]
[PlyCount "69"]
[EventDate "2021.07.12"]
[EventType "k.o."]
[EventCountry "RUS"]
[SourceTitle "playchess.com"]
[Source "ChessBase"]
[SourceQuality "1"]

{[%evp 23,69,31,33,44,35,36,45,18,33,-5,-12,-16,-14,-11,-6,-12,-13,-5,-4,-7,-16,-14,-20,-68,39,54,64,62,94,91,92,0,0,0,0,0,0,0,0,0,0,0,0,0,0,0,0,0]} 1. d4 Nf6 2. c4 c5 3. d5 e6 4. Nc3 exd5 5. cxd5 d6 6. Nf3 g6 7. Bf4 Bg7 8. Qa4+ Bd7 9. Qb3 b5 10. Bxd6 Qb6 11. Be5 O-O 12. e3 c4 13. Qd1 {A61: Modern Benoni: Nf3 without early e4.} b4 14. Ne2 ({Reject} 14. Bxc4 bxc3 15. Bxc3 Rc8 $15) 14... Rc8 {[#]} 15. h4 $146 {White is slightly better.} ({Predecessor:} 15. Nf4 c3 16. bxc3 bxc3 17. Rc1 Qa5 18. Be2 Ne4 19. O-O Nd2 20. Nxd2 cxd2 21. Rxc8+ Bxc8 22. Bxg7 Kxg7 {1-0 (50) Cuenca Jimenez,J (2523)-Pantsulaia,L (2603) chess24.com INT 2019}) 15... Bg4 16. Nf4 (16. Bd4 $5 {[%cal Rd4b6]} Qd6 17. Ne5 $14) 16... Nbd7 17. Bd4 Qa5 18. Be2 $1 c3 19. O-O Nxd5 20. Nxd5 Qxd5 21. Bxg7 Qxd1 22. Raxd1 {[#] Strongly threatening Bd4.} Kxg7 23. Rd4 Be6 ({Black should play} 23... cxb2 $15 24. Rxg4 a5) 24. Rxb4 Bxa2 25. bxc3 Rxc3 26. Ra1 Bd5 27. Rba4 (27. Rb5 $16 Be4 28. Rba5) 27... Nc5 $1 $11 {[%cal Rc5a4] The position is equal.} 28. Rxa7 Rxa7 29. Rxa7 Rc1+ $1 30. Kh2 Ne4 $1 31. Rd7 Be6 32. Rd4 Nxf2 33. Ng5 Bb3 34. Rb4 h6 35. Rxb3 {Weighted Error Value: White=0.11/Black=0.07} 1/2-1/2

[Event "FIDE Womens World Cup 2021"]
[Site "Sochi"]
[Date "2021.07.18"]
[Round "3.1"]
[White "Mammadova, Gulnar"]
[Black "Paehtz, Elisabeth"]
[Result "1/2-1/2"]
[WhiteElo "2385"]
[BlackElo "2466"]
[Annotator "TA"]
[PlyCount "54"]
[EventDate "2021.07.12"]
[EventType "k.o."]
[EventCountry "RUS"]
[SourceTitle "playchess.com"]
[Source "ChessBase"]
[SourceQuality "1"]

{[%evp 14,54,33,19,33,23,43,33,34,39,82,66,68,69,118,36,54,15,20,2,0,0,18,16,29,0,0,0,7,10,32,33,33,32,43,37,38,0,57,0,42,0,50]} 1. e4 c6 2. d4 d5 3. Nc3 dxe4 4. Nxe4 Nf6 5. Nxf6+ exf6 6. c3 Bd6 7. Bd3 O-O 8. Qc2 Re8+ {B15: Caro-Kann: 3 Nc3: 3...g6 and 3...dxe4 4 Nxe4 Nf6 5 Nxf6+ exf6.} 9. Ne2 h5 10. O-O Qc7 {White is slightly better.} 11. h3 h4 12. c4 Na6 13. a3 {[#]} Qd8 $146 ({Predecessor:} 13... c5 14. d5 Bd7 15. f4 f5 16. Kh1 Qd8 17. Ng1 Qf6 18. Nf3 b5 19. Ne5 Rad8 {½-½ (32) Exler,V (2222)-Peng,Z (2364) Batumi 2019}) 14. c5 ({Better is} 14. Be3 $16) 14... Bb8 $14 15. Bxa6 bxa6 16. Rd1 Qd5 17. Be3 Bf5 18. Qd2 Be6 19. Nf4 Bxf4 20. Bxf4 g5 21. Bd6 Bf5 22. Re1 Kg7 23. f3 Bd7 24. Kh2 Bf5 25. Kg1 Bd7 26. Kh2 Bf5 27. Kg1 Bd7 {Weighted Error Value: White=0.14/Black=0.10} 1/2-1/2